| 000 | 00800nam a2200253 a 4500 | ||
|---|---|---|---|
| 001 | 4262054 | ||
| 003 | ARRUPE | ||
| 005 | 20170127110913.0 | ||
| 008 | 850515s1984 nyua b 000 0 eng | ||
| 010 | _a 84080353 | ||
| 020 |
_a080912632X (pbk.) : _c$9.95 |
||
| 040 |
_aDLC _cDLC _dDLC |
||
| 050 | 0 | 0 | _aBX1756.B828S75 |
| 082 | 0 | 0 |
_a252/.02 _219 |
| 100 | 1 |
_aBurghardt, Walter J. _911535 |
|
| 245 | 1 | 0 |
_aStill proclaiming your wonders : _bhomilies for the eighties / _cWalter J. Burghardt. |
| 260 |
_aNew York : _bPaulist Press, _cc1984. |
||
| 300 |
_aix, 246 p. : _bill. ; _c23 cm. |
||
| 504 | _aBibliography: p. 233-246. | ||
| 610 | 2 | 0 |
_aCatholic Church _xSermons. _93001 |
| 650 | 0 |
_aSermons, American. _928493 |
|
| 906 |
_a7 _bcbc _corignew _d3 _eopcn _f19 _gy-gencatlg |
||
| 942 |
_2lcc _cMONOGRAPH |
||
| 999 |
_c126016 _d126016 |
||